000 00397cam a2200169 4500
001 D12609
008 090401t1967 xxu||||| |||| 00| 0 eng d
035 _a(Sirsi) u4664
041 _aeng
100 _aDay, Sir Archibald
245 4 _aThe Admiralty Hydrographic Service 1795-1919
260 _aLondon
_bHMSO
_c1967
350 _a0
520 _aShelf 179
942 _n0
948 _c04/03/1997
999 _c86049
_d86049